Score 0/12 Timer 03:00
0 Plays Today
Play Name Answer % Correct
A _________ Named DesireStreetcar
99%
___ on a Hot Tin RoofCat
98.2%
The Glass _________Menagerie
84%
The _____ of the IguanaNight
65%
Will Mr. Merriweather Return ____ Memphis?From
64.1%
________ Last SummerSuddenly
55.8%
The Two-Character ____Play
46.5%
Sweet Bird of _____Youth
40%
Camino ____Real
34.2%
The ____ TattooRose
30.4%
______ and SmokeSummer
26.2%
In the ___ of a Tokyo HotelBar
17.7%

Today's Daily Dose

You're not logged in!

Compare scores with friends on all Sporcle quizzes.
OR
Log In

Sporcle TV

Today on Sporcle TV


Watch our educational content, quiz creation guides, and fun videos on Sporcle TV.

Show Comments

Extras

Top Quizzes Today


Score Distribution

Paid Content

Your Account Isn't Verified!

In order to create a playlist on Sporcle, you need to verify the email address you used during registration. Go to your Sporcle Settings to finish the process.

Report this User

Report this user for behavior that violates our Community Guidelines.

Details: